[Event "BIH-chT"]
[Site "Neum"]
[Date "2004.06.02"]
[Round "5.3"]
[White "Savanovic, Aleksandar"]
[Black "Atalik, Suat"]
[Result "1/2-1/2"]
[WhiteElo "2396"]
[BlackElo "2558"]
[Annotator "Atalik,S"]
[PlyCount "56"]
[EventDate "2004.05.29"]
[EventType "team"]
[EventRounds "9"]
[EventCountry "BIH"]
[SourceTitle "CBM 102"]
[Source "ChessBase"]
[SourceDate "2004.09.23"]
[SourceVersion "1"]
[SourceVersionDate "2004.09.23"]
[SourceQuality "1"]
[WhiteTeam "Banja Luka"]
[BlackTeam "Sarajevo Bosna"]
[WhiteTeamCountry "BIH"]
[BlackTeamCountry "BIH"]

{I did not put my name on the list to adjust colors for some players in the
team the previous round.} 1. e4 e5 2. Nf3 Nc6 3. Bb5 a6 4. Ba4 Nf6 5. O-O Bc5 {
How do we call this Moeller or what?} 6. c3 b5 7. Bb3 (7. d4 bxa4 8. dxc5 Qe7
9. Bg5 Qxc5 10. Qxa4 O-O 11. Bxf6 gxf6 $13) (7. Bc2 d5 8. d4 dxe4 9. Nxe5 Nxe5
10. dxe5 Qxd1 11. Rxd1 Ng4 12. Bxe4 Nxf2 13. Bc6+ Ke7 14. Rd5 Bb6 15. Bg5+ f6
16. exf6+ gxf6 17. Bh4 Ng4+ 18. Kh1 Rb8 19. Nd2 Be6 20. Rh5 Nf2+ 21. Bxf2 Bxf2
22. Ne4 Rb6 (22... Be3 23. Re1 Rbd8 24. h3 Rd3 25. g4 h6 26. Kg2 Rhd8 $13 {
looks like a difficult variation to asses.}) 23. Nxf2 Rxc6 24. Re1 Kf7 25. a3
Kg6 26. Rh4 Rd8 $11) 7... d6 8. a4 Bg4 9. d3 (9. h3 Bxf3 10. Qxf3 Na5 11. Bc2
b4 12. d3 (12. Qd1 Qb8 13. d4 (13. b3 Qb6) 13... b3 14. dxc5 bxc2 15. Qxc2 Nb3
16. Ra3 Nxc5 17. Nd2 Qb7 18. Re1 a5 $15) 12... Rb8 13. Nd2 O-O 14. Qe2 Re8 $13
{was seen in some Ponomariov-Ehlvest game.}) 9... O-O 10. Bg5 Rb8 $6 {I had a
better option!} (10... Na5 $1 11. Bc2 b4 12. Nbd2 (12. d4 b3 13. dxc5 bxc2 14.
Qxc2 Bxf3 15. gxf3 dxc5 16. Nd2 c4 17. f4 h6 18. Bh4 (18. fxe5 $6 hxg5 19. exf6
Qxf6 $15) 18... exf4 19. e5 g5 20. exf6 Qxf6 21. Kh1 gxh4 $13) 12... Rb8 $36) (
{I thought I would not be able to get rid of whites pawn on c6 in the
following variation.} 10... h6 11. axb5 hxg5 12. bxc6 $16) 11. axb5 axb5 12. h3
Be6 13. Bxe6 (13. Bc2 b4 14. d4 b3 15. dxc5 bxc2 16. Qxc2 dxc5 17. Nbd2 h6 18.
Be3 Nd7 $14) 13... fxe6 14. d4 Bb6 ({I did not like the looks of} 14... exd4 $6
15. cxd4 Bb6 16. Nc3 (16. d5 Ne7 17. Nd4 Nxe4 18. Nc6 Nxf2 19. Qe2 (19. Rxf2
Nxc6 20. Bxd8 Nxd8 $17) 19... Nxc6 20. Bxd8 Nd4 $17) 16... b4 17. Na4 $16) 15.
dxe5 Nxe5 16. Nxe5 dxe5 17. Qe2 Qe8 {Now we have something like
Fischer-Smyslov, La Habana 1965 type of position over the board.} 18. Be3 Qg6
$6 {Too slow!} (18... Nh5 19. Bxb6 (19. g3 $2 Nf4 20. gxf4 exf4 21. Bc1 f3 22.
Qd2 Qh5 23. Kh2 (23. Qg5 Qxh3) 23... h6 $1 (23... Bc5 $2 24. Ra6 Bd6+ 25. Rxd6
Qe5+ 26. Kg1 cxd6 27. Qd4 Qh5 28. Kh2 $16) 24. Rg1 Rbd8 25. Qe1 c5 26. Rg3 Bc7
27. Qg1 Rf6 28. Nd2 Rg6 29. Ra7 Bxg3+ 30. fxg3 f2 31. Qxf2 Qd1 32. Qg1 Rxd2+
33. Bxd2 Qxd2+ 34. Qg2 Qe1 $17) 19... Rxb6 20. Nd2 Nf4 21. Qg4 Rd6 22. Nf3 Nd3
23. Ra7 Qc6 $132) 19. Nd2 Nh5 (19... Bxe3 20. Qxe3 Nh5 21. Kh2 Rbd8 22. g3 Nf6
$14) 20. Bxb6 Rxb6 21. Qg4 Qxg4 (21... Nf4 22. Qxg6 hxg6 23. Nf3 Nd3 24. Rfd1
$1 $16) 22. hxg4 Nf4 23. Ra7 c5 $2 {The final mistake.} (23... Rc8 24. Rfa1 Nd3
$14) 24. Rd7 $4 {Incredible lapsus manus.} (24. Rc7 $1 {Absolute seven should
provide the win easiliy.} Ra8 (24... Nd3 25. Ra1 Rbb8 (25... Rxf2 26. Rd7 $18)
26. Raa7 Rxf2 27. Rxg7+ Kh8 28. Rxh7+ Kg8 29. Rag7+ Kf8 30. Rd7 Kg8 31. Rxd3
Rxd2 32. Rxd2 Kxh7 33. Rd6 $18) 25. Rxc5 Nd3 26. Rc7 Nxb2 27. Nf3 Rbb8 (27...
Nc4 28. Rd1 Rd6 29. Rb1 (29. Rxd6 Nxd6 30. Ng5 $18) 29... Ra5 30. Ng5 g6 31.
Nxh7 $18) 28. Rb1 Nc4 29. Rc5 $18) 24... Rf7 {Time to settle for a draw before
things start going ugly.} (24... Ra8 $6 25. g3 Ng6 26. Nf3 $16) 25. Rd8+ (25.
Rxf7 Kxf7 26. Nf3 Nd3 $40) 25... Rf8 26. Rd7 {White should also repeat the
moves.} Rf7 27. Rd8+ Rf8 28. Rd7 Rf7 1/2-1/2

[Event "Tata Steel-A 73rd"]
[Site "Wijk aan Zee"]
[Date "2011.01.20"]
[Round "5"]
[White "Nepomniachtchi, Ian"]
[Black "Shirov, Alexei"]
[Result "1/2-1/2"]
[WhiteElo "2733"]
[BlackElo "2722"]
[Annotator "Atalik,S"]
[PlyCount "157"]
[EventDate "2011.01.14"]
[EventType "tourn"]
[EventRounds "13"]
[EventCountry "NED"]
[EventCategory "20"]
[SourceTitle "CBM 141"]
[Source "ChessBase"]
[SourceDate "2011.03.17"]
[SourceVersion "1"]
[SourceVersionDate "2011.03.17"]
[SourceQuality "1"]

1. e4 e5 2. Nf3 Nc6 3. Bb5 a6 4. Ba4 Nf6 5. O-O b5 6. Bb3 Bc5 7. a4 Rb8 8. c3
d6 9. d4 Bb6 10. Na3 Bg4 11. axb5 axb5 12. Nxb5 O-O 13. Re1 Bxf3 14. gxf3 Nh5
15. Kh1 Qf6 16. Rg1 exd4 17. Bg5 Qe5 18. Bd5 dxc3 19. Bxc6 cxb2 20. Rb1 Bxf2
21. Rg2 Rb6 22. Bd7 Bc5 23. Qc2 $1 (23. Na7 {Smeets} h6 (23... f6 24. Bd2) 24.
Bxh6 d5 25. Nc6 (25. Rg5 Qe7 26. Bc6 Ra8 27. Bxa8 Rxh6 28. Qxd5 Qf6 29. Qxc5 (
29. Qf5 $2 Qc3 30. Qxc5 Ng3+ 31. Kg1 Qd3 $19) 29... Qxf3+ 30. Rg2 Ng3+ 31. Kg1
Ne2+ $11) (25. Bg5 f6 $40) 25... Qd6 26. Qxd5 Qxd5 27. exd5 Ra8 28. Bf5 (28.
Bxg7 Nxg7 29. Rgxb2 Rxb2 30. Rxb2 Ra1+ 31. Kg2 Rg1+ 32. Kh3 Nh5 33. Rg2+ Rxg2
34. Kxg2 Nf4+ $11) 28... Ra1 29. Bd2 Rb3 30. Re2 g6 31. Bc2 Rxb1+ 32. Bxb1 Nf6
33. Na5 (33. Kg2 Nxd5) 33... Rxf3 34. Kg2 Ra3 35. d6 cxd6 36. Nc4 Rb3 (36...
Ra1 37. Bc3 Rxb1 38. Bxf6) 37. Bg5 Bd4 38. Nxd6 $14) 23... h6 24. Bxh6 Qf6 25.
Bxg7 Nxg7 26. Nxc7 Qxf3 27. Nd5 Rb3 28. Ba4 Rb7 (28... Rd3 $2 29. Qxb2 Bd4 30.
Qc1 $18 {and Black's kingside is weak.}) 29. Bc6 Rb3 30. Qd2 Be3 31. Nxe3 Qxe3
32. Qxd6 (32. Qxe3 Rxe3 33. Rbg1 Kh8 34. Rxb2 Ne6 $11) 32... Rc3 $6 (32... Qd3
$1 33. Qxd3 Rxd3 $14) 33. Rbg1 Qxg1+ 34. Rxg1 Rc1 35. Qg3 Rxg1+ 36. Qxg1 Rc8
37. Qb6 Rxc6 38. Qxb2 Rg6 {Black establishes an almost impregnable fortress.}
39. Qb8+ Kh7 40. Qb7 $6 ({Obviously Black was worried about} 40. Qf8 $1 Rf6 (
40... f6 $2 41. h3 Nh5 42. Kh2 Rg5 43. Qf7+ Kh6 44. h4 Rg4 45. Qf8+ Kh7 46. e5
$18) 41. Qe7 Rf4 42. Qe5 (42. Kg2 Kg6 43. h4 Ne6 44. e5 Kh5 $11) 42... Rg4 43.
h3 Rg6 44. Qc7 Kg8 45. Qd8+ Kh7 46. Qf8 Rf6 47. Qe7 Rf4 48. Qe5 Ne6 49. Kg2 Kg6
50. Kg3 Rf1 51. h4 Kh7 52. h5 Kg8 53. h6 Kh7 54. Kg2 Rf4 55. Qh5 Nf8 56. Kg3
Ng6 $11 {does not seem to improve matters either.}) 40... f5 $5 (40... Kg8 41.
Qc8+ Kh7 42. Qd7 Kg8 43. Qd8+ Kh7 44. Qf8) 41. e5 (41. exf5 Rf6 $11) 41... Re6
42. Qd5 Rg6 {White's king is confined to the corner even if not it is not 100%
sure that White can prevail in this ending.} 43. Qf3 Re6 44. Qf4 Rg6 45. h3 Kg8
46. Kh2 Kh7 47. Qc4 Re6 48. Qd5 Rg6 49. Qd4 Kg8 50. Qc4+ Kh7 51. Qc7 Kg8 52. h4
Kh7 53. Kh3 Kh6 54. Qd7 Kh7 55. Qf7 Re6 56. Qc7 Rg6 57. Qb8 Nh5 58. Qa7+ Ng7
59. Qe3 Rh6 60. Kg3 Rg6+ 61. Kh3 (61. Kf3 Rg4 $1 $11) 61... Rh6 62. Qd3 Re6 63.
Qd5 Rg6 64. Qb5 Kh6 65. Qb3 Kh7 66. Qd5 Ne6 67. Kh2 Ng7 68. Qb5 Kh6 69. Qb3 Kh7
70. Qd5 Rg4 71. h5 Nxh5 72. Qf7+ Ng7 73. e6 Re4 74. e7 Kh6 75. Kg2 Rg4+ 76. Kf2
Re4 77. Kf3 Kh7 78. Qf6 Kg8 79. Qf8+ 1/2-1/2

[Event "BIH-chT"]
[Site "Neum"]
[Date "2004.06.05"]
[Round "8.3"]
[White "Leventic, Ivan"]
[Black "Atalik, Suat"]
[Result "1/2-1/2"]
[WhiteElo "2485"]
[BlackElo "2558"]
[Annotator "Atalik,S"]
[PlyCount "154"]
[EventDate "2004.05.29"]
[EventType "team"]
[EventRounds "9"]
[EventCountry "BIH"]
[SourceTitle "CBM 102"]
[Source "ChessBase"]
[SourceDate "2004.09.23"]
[SourceVersion "1"]
[SourceVersionDate "2004.09.23"]
[SourceQuality "1"]
[WhiteTeam "Sarajevo Napredak"]
[BlackTeam "Sarajevo Bosna"]
[WhiteTeamCountry "BIH"]
[BlackTeamCountry "BIH"]

1. e4 e5 2. Nf3 Nc6 3. Bb5 a6 4. Ba4 Nf6 5. O-O b5 {Archangelsk is one of the
most interesting variations in Spanish.} 6. Bb3 Bb7 7. Re1 {One of the main
lines. Once upon a time it was an automatic reply to Archangelsk but these
days it is not as popular as it was used to be.} (7. d3 Be7 8. Nc3 O-O 9. a4 {
Enjoys a popularity these days.}) (7. c3 {is the most feared line.} Nxe4 (7...
Be7 8. d4 d6 9. Nbd2 O-O $14) 8. d4 Na5 9. Bc2 exd4 10. b4 (10. Nxd4 c5 11. Nf5
d5 12. Nd2 g6 (12... Qd7 13. Nxe4 dxe4 14. Qg4 g6 15. Bxe4 O-O-O 16. Bc2 Re8
17. a4 Nc4 18. axb5 axb5 19. Bf4 $16) 13. Ng3 Nxg3 14. fxg3 Be7 15. Nf3 O-O 16.
Bh6 Re8 17. Ne5 Bf8 (17... f5 18. Bxf5 Bg5 19. Qg4 Rxe5 20. Bxg5 gxf5 21. Rxf5
Re4 22. Bxd8+ Rxg4 23. Bxa5 $16) 18. Nxf7 Qe7 19. Bg5 Qe2 20. Nh6+ (20. Qb1 $2
Bg7 21. Bxg6 hxg6 22. Qxg6 d4 $11) 20... Bxh6 21. Bxh6 Qxd1 22. Raxd1 (22. Bxd1
Nc4) 22... Nc4 23. Bb3 Rad8 $13 (23... Nxb2 24. Bxd5+ Bxd5 25. Rxd5 c4 26. Rd7
(26. Rd6 Rad8 27. Rdf6 a5 28. Rf7 Rd1 $132) 26... Nd3 27. Rg7+ Kh8 28. h4 Re1
29. Rxe1 Nxe1 30. Re7 Nd3 31. Bg7+ Kg8 32. Bd4 Rd8 33. Rg7+ Kf8 34. Rxh7 b4 35.
Rh8+ (35. Rb7 $2 Rxd4 36. cxd4 c3 37. Rc7 Nc1) 35... Ke7 36. Rxd8 Kxd8 37. cxb4
Nxb4 38. Kf2 Nxa2 39. Ke3 Nb4 $13)) 10... Nc4 11. Bxe4 Bxe4 12. Re1 d5 13. Nxd4
(13. Qxd4 Be7 14. Qxg7 Kd7 $1) 13... c5 14. bxc5 Bxc5 15. f3 O-O 16. fxe4 dxe4
17. Rxe4 Qd5 18. Qf3 Ne5 19. Qf5 Rae8 20. Nd2 b4 21. Bb2 g6 22. Qf4 Nc6 $13)
7... Bc5 8. c3 O-O $5 {I wanted to imitate Slovenian GM Planinec's play by
skipping d7-d6 for sometime. The main point is that after 9.Be3 black can play
in a different way than in usual lines.} (8... d6 9. d4 Bb6 10. Bg5 h6 11. Bh4
$13) 9. a4 (9. d4 Bb6 10. Bg5 (10. Be3 exd4 11. cxd4 Na5 12. d5 Bxe3 13. Rxe3
Re8 14. Nbd2 Nxb3 15. Qxb3 c6 $13) 10... h6 11. Bh4 Re8 12. a4 d6 13. axb5 axb5
14. Rxa8 Bxa8 15. d5 Na7 $13) 9... h6 $5 {This is a risky move. I did not want
to give him a second possibility to transpose to main lines.} (9... d6 10. d4
Bb6 11. Bg5 h6 12. Bh4 Re8 {transposes to the line stated above.}) 10. d4 Bb6
11. Nbd2 $6 {This is something I have never seen, white sacrifices a central
pawn.} (11. d5 Na5 12. Ba2 d6 13. b4 $6 Nc4 14. Bxc4 bxc4 15. Nbd2 Ng4 16. Re2
f5 17. h3 Nf6 $17) (11. axb5 axb5 12. Rxa8 Qxa8 13. Na3 d6 14. Nxb5 Na5 15. Bc2
Bxe4 16. Bxe4 Nxe4 $13) 11... exd4 ({Of course I could have declined the pawn
with} 11... d6 12. Nf1 Re8 13. Ng3 Na5 14. Bc2 c5 $11) 12. cxd4 Nxd4 $2 {
Reacting very badly.} (12... Bxd4 $1 13. e5 (13. Nxd4 $6 Nxd4 14. e5 Nxb3 15.
Nxb3 Nd5 16. Nc5 Bc6 $17) 13... Ng4 14. Ne4 (14. Nxd4 Qh4) 14... Bb6 15. Bf4
Re8 16. Bd5 Rb8 $17) 13. Nxd4 Bxd4 14. e5 Nh7 15. Nf3 Bxf3 (15... Bb6 16. Qd3
$44 {gives some compensation for white but I simply did not like the position.}
Kh8 (16... Re8 17. Bxf7+ Kxf7 18. Qxh7 Re6 (18... Bxf3 19. Bxh6 Bxf2+ 20. Kf1
$40) 19. Be3 $40) (16... d6 17. Bc2 f5 18. Bf4 $44) 17. Bf4 $44) 16. Qxd4 {
He goes for the other bishop.} (16. Qxf3 c5 (16... d6 17. axb5 dxe5 18. bxa6
Qd6 19. Bc4 $16) 17. Bd5 Rb8 18. axb5 axb5 19. Qg4 Kh8 20. Ra6 Qe7 $13) 16...
Bc6 17. Qg4 Kh8 18. Bc2 Qe7 $1 {I believe my opponent underestimated this
defensive move.} 19. Qh5 $2 $138 {My opponent who really got stuck around here
came up with some unexpected continuation and litteraly his game collapsed in
this stage.} (19. Qf5 $142 g6 20. Qh3 Qc5 (20... h5 $2 21. Bh6 Rfe8 22. Qc3 b4
23. Qd4 $16) 21. Bd3 h5 22. Bh6 Rfe8 $14 {White is better but nothing terrible.
}) 19... Qe6 20. Bf5 Qd5 21. Be4 Qc4 ({Unfortunately black can not win at once
with} 21... Nf6 $4 22. Bxd5 Nxh5 23. Bxc6 dxc6 24. g4 $18) 22. Bxc6 Qxc6 (22...
dxc6 $6 {is interesting having the idea to get rid of the weakness on d7.} 23.
Be3 $44) 23. axb5 axb5 24. Rxa8 Qxa8 25. Qf5 Qd5 26. Qc2 Rc8 27. f4 {White has
still some compensation. If he succeeds to get his pawns on e5 and f5 it will
be difficult to convert the extra pawn.} d6 $5 {Black gives the pawn back with
this but I was hopring for a better NvsB type of scenario.} (27... f6 28. b3 $1
$44) (27... Nf8 28. f5 $44) 28. exd6 Qxd6 29. Qf5 Rd8 30. Qxb5 {He thinks he
will be safe with this move. Maybe it is true but still the position is far
from to be a draw.} (30. Qxf7 Nf6 31. h3 Qd4+ 32. Be3 Qxb2 33. Qxc7 Re8 $15)
30... Nf6 31. h3 Qd4+ 32. Be3 Qe4 33. Bd2 $6 {Very dangerous play. When black
exchanges queens the weakness of f4 will be more obvious.} Qd3 34. Qxd3 Rxd3
35. Re2 $6 (35. Ba5 $142 Nd5 $140 36. Rc1 $15) 35... Nd5 36. Kf2 f6 37. g3 (37.
Re8+ Kh7 38. Ke2 Rg3 39. Kf2 Rb3 $17) 37... Kg8 38. Be1 Rb3 39. Rc2 h5 40. h4
Kf7 41. Ba5 Ke6 42. Bxc7 Nb4 $1 {Now I was sure that I was heading for the
full point.} (42... Kf5 $2 43. Ba5 Kg4 44. Bc3 g6 45. Rc1 Nxc3 46. bxc3 Rb2+
47. Ke3 Rg2 (47... Kxg3 48. Rg1+ Kxh4 49. Rxg6) 48. c4 Rxg3+ 49. Ke4 f5+ 50.
Ke5 Re3+ 51. Kd6 Kxf4 52. c5 Kg3 53. c6 Kxh4 54. c7 Re8 55. c8=Q Rxc8 56. Rxc8
Kg4 (56... Kg3 57. Rg8 f4 58. Rxg6+ $11) 57. Ke5 h4 58. Rc1 h3 59. Kf6 f4 60.
Rg1+ Kh4 61. Ke5 g5 (61... f3 $2 62. Kf4 $1 $18) 62. Rh1 f3 63. Ke4 g4 64. Ke3
Kg3 65. Rg1+ Kh4 66. Rh1 $11) 43. Re2+ Kf5 44. Bd6 Nd3+ 45. Kg2 Nxb2 {I wanted
to be more practical.} (45... Kg4 46. f5 $1 (46. Ba3 $2 Nc1 47. Re7 Rxg3+ 48.
Kh2 Kxh4 49. Bb4 Nd3 50. Bd2 g5 51. fxg5 fxg5 52. b4 Rf3 53. Re2 Rf5 54. Bc3
Nf4 $19) 46... Kxf5 47. Ba3 $1 $15) 46. Kh3 Nd3 47. Ra2 Ke4 48. f5 (48. Kg2 Ke3
{and black's grip is unpleasant but probably white can hold.}) 48... Kxf5 (
48... Kf3 49. Bf8 $1 (49. Ra3 $2 Nf2+ 50. Kh2 Ng4+ 51. Kh3 Rxa3 52. Bxa3 Nh6
$19) 49... Nf2+ 50. Kh2 Ng4+ 51. Kh3 Rb1 52. Ra3+ Ke4 53. Ra4+ Kxf5 54. Ra5+
Kg6 55. Bc5 $17 {almost like in the game.}) 49. Ra5+ Ke6 50. Bc7 Kd7 51. Ra7
Ke6 52. Ra5 Rc3 53. Bb8 Rc8 54. Rb5 Nf2+ 55. Kg2 Ng4 56. Bf4 Rc2+ 57. Kg1 $1 {
He has to stay in the back rank.} (57. Kf3 $2 f5 58. Rb6+ Kf7 59. Rb7+ Kg6 60.
Rb6+ Kh7 61. Be3 Rc3 62. Re6 Kg8 63. Ke2 Kf7 $19) 57... g6 58. Ra5 Nf2 59. Kf1
Nd3 60. Bb8 Rc8 61. Rb5 Rc2 62. Ra5 Ne5 {Since the beginning of the endgame I
knew that the rook ending will be the only type of position with which I can
try to force matters.} 63. Bxe5 fxe5 64. Ra6+ Kf5 65. Rb6 e4 (65... Kg4 66.
Rxg6+ Kf3 67. Rf6+ Kxg3 68. Rf5 e4 69. Rxh5 Kf3 70. Rf5+ Ke3 71. h5 Rc1+ 72.
Kg2 $11) 66. Rb4 $1 {Excellent play! This looks like the only way.} Rc6 (66...
Ke5 67. Rb6 Kd4 68. Rxg6 Ke3 69. Rg5 Rf2+ 70. Ke1 Rh2 71. Kf1 $11) (66... Rd2
67. Ra4 e3 68. Rf4+ Ke5 69. Rf3 Ke4 70. Rf6 Ra2 (70... Kd3 71. Rd6+ Kc2 72. Ra6
Rf2+ 73. Ke1 Kd3 74. Rd6+ Ke4 75. Rxg6 $11) 71. Ke1 Rb2 72. Kf1 (72. Rxg6 $5
Kf3 73. Rf6+ Kxg3 74. Re6 Rb3 75. Ke2 Kxh4 76. Rg6 (76. Kf3 Kh3) 76... Kh3 77.
Rg8 h4 78. Kf3 Kh2 79. Rg2+ Kh1 80. Re2 $3 (80. Rg8 $2 {results in the famous
ending!} h3 81. Rg7 h2 82. Rg8 Rb1 83. Kxe3 Rg1 84. Ra8 Kg2 85. Rg8+ Kf1 86.
Rf8+ Ke1 87. Ra8 (87. Rb8 Kd1) 87... Rg3+ 88. Kf4 Rf3+ 89. Kg4 Rf1 $19) 80...
Ra3 (80... h3 81. Kg3 Rb1 82. Kxh3 $11) 81. Re1+ (81. Kg4 $2 Kg1 $19) 81... Kh2
82. Re2+ Kh3 83. Re1 e2+ 84. Kf2 Ra2 (84... Kg4 85. Rxe2 $11) 85. Rg1 $11 Rb2
86. Rg8 e1=Q+ 87. Kxe1 Rg2 88. Rh8 Kg3 89. Kf1 h3 90. Rg8+ Kh2 91. Rf8 $11)
72... Rd2 73. Ke1 Rc2 74. Kf1 Ra2 75. Ke1 Rd2 76. Kf1 Kd3 77. Rd6+ Kc2 78. Re6
Rf2+ 79. Ke1 Kd3 (79... Rf3 {after this almot everything makes a draw.} 80.
Rxg6 $11 (80. Ke2 Rxg3 81. Rxe3 Rg4 82. Re6 Kc3 83. Ke3 $11) (80. g4 hxg4 81.
Ke2 $11)) 80. Rd6+ Ke4 81. Rxg6 $11) 67. Kf2 Re6 68. Rb5+ Re5 (68... Kg4 $4 69.
Kg2 $18 {would really be stupid!}) 69. Rb6 e3+ {now the game peters out to be
a draw.} (69... Ra5 70. Rc6 Ra2+ 71. Ke3 Ra3+ 72. Kf2 Rf3+ 73. Kg2 Rd3 74. Kf2
Rd2+ 75. Ke3 $11) 70. Ke2 g5 71. hxg5 Kg4 72. g6 Rg5 (72... Kxg3 73. g7 Rg5 74.
Rb5 Rxg7 75. Rxh5 $11) 73. Kxe3 Kxg3 74. Rb1 Kg2 75. Rb2+ Kg3 76. Rb1 Kg2 77.
Rb2+ Kg3 1/2-1/2

[Event "Hoogovens-B"]
[Site "Wijk aan Zee"]
[Date "1997.01.27"]
[Round "6"]
[White "Van der Wiel, John"]
[Black "Atalik, Suat"]
[Result "1/2-1/2"]
[WhiteElo "2555"]
[BlackElo "2555"]
[Annotator "Atalik,S"]
[PlyCount "79"]
[EventDate "1997.01.21"]
[EventType "tourn"]
[EventRounds "11"]
[EventCountry "NED"]
[EventCategory "10"]
[SourceTitle "CBM 057"]
[Source "ChessBase"]
[SourceDate "1997.04.01"]
[SourceVersion "1"]
[SourceVersionDate "1997.04.01"]
[SourceQuality "1"]

1. e4 e5 {Bu oyunda uzun sureden beri ilk kez 1.e4 e5 e basvurdum.} 2. Nf3 Nc6
3. Bb5 a6 4. Ba4 Nf6 5. O-O Bc5 {Latviya asilli Ispanyol GM Shirov ve
Ukraynali GM Onischuk un popularize ettigi bir varyant.} 6. c3 (6. Nxe5 Nxe5 7.
d4 b5 8. dxe5 (8. Bb3 Bxd4 9. Qxd4 d6 10. f4 Nc6 $1 11. Qc3 Bb7 12. e5 Ne4 13.
Qe3 (13. Qe1 Nd4 $11) 13... Na5 $11) 8... Nxe4 9. Qd5 (9. Bb3 Bb7 10. Bd5 Bxf2+
11. Rxf2 Nxf2 12. Kxf2 Qh4+ 13. Kf1 Bxd5 14. Qxd5 O-O $44) 9... Qh4 10. g3 Nxg3
11. hxg3 Qxg3+ 12. Kh1 (12. Qg2 Qxg2+ 13. Kxg2 bxa4) 12... Qh3+ 13. Kg1 Rb8 14.
Bb3 (14. Qxc5 Bb7 15. f3 Qg3+ 16. Kh1 Bxf3+ 17. Rxf3 Qxf3+ 18. Kh2 Rb6 $19)
14... Bb7 15. Qxf7+ Kd8 16. Bg5+ (16. Bd5 Qg4+ 17. Kh2 Rf8) 16... Kc8) 6... b5
7. Bc2 d6 8. a4 Bg4 $1 9. h3 Bh5 10. d3 O-O 11. axb5 (11. Nbd2 d5 $1) 11...
axb5 12. Rxa8 Qxa8 13. b4 Bb6 14. Bg5 {[#]} (14. Na3 Na7 15. Bg5 Nd7) 14... Nd8
$1 {Siyahlarin ati kacmayacagi John un aklina gelmedi.f4 karesinin zayifligi
duble erlerin kini karsiliyor.} 15. Bxf6 gxf6 16. g4 (16. Nbd2 Ne6) 16... Bg6
17. Nh4 Ne6 18. Kh2 (18. Qf3 Ng5 19. Qg2 Qa2 $19) 18... Nf4 19. Ng2 Nxg2 20.
Kxg2 f5 21. Nd2 fxe4 22. dxe4 Qc6 $2 (22... f5 $1 23. Bb3+ Kh8 24. Bd5 c6 25.
exf5 Bxf5 $1 (25... cxd5 $2 26. fxg6 d4+ 27. f3 dxc3 28. Ne4 $18) 26. Be4 Be6
27. Qc2 d5 $1 28. Bxh7 e4 $17) (22... Rd8) 23. Qf3 Bd4 24. Nb1 Bb6 (24... d5 {
benim varyanta girerken ana fikrimdi.} 25. exd5 Qc4 26. Na3 $1 {gozumden kacan
hamleydi.Fakat son anda varyanti gordum.} (26. Bxg6 $2 fxg6 27. Qe4 Rf4 28. Qc2
Qxd5+ $17) 26... Qxc3 27. Qxc3 Bxc3 28. Bxg6 hxg6 29. Nxb5 Bxb4 30. Nxc7 Rc8 (
30... Rd8 31. Rd1 Bc5 32. Kf3 Bd4 33. Ke4 Bxf2 34. d6) 31. Rb1 $14) 25. h4 {
Bu hamleyle John beraberlik onerdi.Bu teklifi benim reddetmem de ilginc cunku
siyahlar artik kotu vaziyetteler.} f6 26. Nd2 Kg7 27. h5 Be8 28. Rg1 $2 (28.
Ra1 $16 {siyahlari cok muskul duruma sokardi.}) (28. g5 $2 Qd7) 28... Kh8 29.
Bb3 Qd7 30. Nf1 Qg7 31. Ng3 Bd7 32. Nf5 Qg5 33. Ra1 Qd2 (33... Bxf5 34. exf5
Kg7 $11) 34. Ra2 Qc1 35. Ne7 Qg5 36. Kg3 Qc1 37. Kg2 (37. Ra8 $2 Qg1+ 38. Kh3
Bxg4+ $19) 37... Qg5 38. Kg3 Qc1 39. Kg2 Qg5 40. Kg3 {Burada 5 saniyeleri
kalmis olmasina karsin siyahlar berabere ilan ettiler. Bu ilam oncesi 40...Vc1
de notasyon kagidina yazmayi ihmal etmediler.} 1/2-1/2